Countries That Watch the Most Facebook (2025) - Statistics

General Stats
  • This quiz has been taken 18 times
  • The average score is 11 of 15
Answer Stats
Rank Active Users (2025) Country % Correct
🥇 403.4 Million India
100%
#6 93.45 Million Mexico
94%
🥈 197.6 Million USA
94%
#4 109.25 Million Brazil
88%
#12 38.75 Million UK
88%
🥉 120.9 Million Indonesia
81%
#9 52.9 Million Pakistan
81%
#10 51.55 Million Egypt
69%
#15 34.7 Million Turkiye
69%
#8 64 Million Bangladesh
56%
#14 36.35 Million Colombia
56%
#13 37.9 Million Nigeria
56%
#11 51.45 Million Thailand
56%
#7 79 Million Vietnam
56%
#5 95.8 Million Phillippines
50%
No matching quizzes found
Score Distribution
Percent of People with Each Score
Percentile by Number Answered
Your Score History
You have not taken this quiz